[Event "GER-chT Seniors 11th"]
[Site "Bad Segeberg"]
[Date "2002.08.11"]
[Round "6.3"]
[White "Eis, Helko"]
[Black "Neumann, Horst"]
[Result "1-0"]
[WhiteElo "2114"]
[BlackElo "1856"]
[PlyCount "91"]
[EventDate "2002.08.06"]
[EventType "team"]
[EventRounds "7"]
[EventCountry "GER"]
[SourceTitle "EXT 2003"]
[Source "ChessBase"]
[SourceDate "2002.11.25"]
[SourceVersion "1"]
[SourceVersionDate "2002.11.25"]
[SourceQuality "1"]
[WhiteTeam "Baden"]
[BlackTeam "Rheinland Pfalz II"]
[WhiteTeamCountry "GER"]
[BlackTeamCountry "GER"]

1. Nf3 d5 2. g3 Nf6 3. Bg2 Bg4 4. Ne5 Bf5 5. c4 Bxb1 6. Rxb1 e6 7. 0-0 Bd6 8. d4 c6 9. b3 Nbd7 10. Bb2 Qc7 11. Nxd7 Qxd7 12. f3 0-0 13. e4 Be7 14. e5 Ne8 15. f4 g6 16. Qd2 Ng7 17. g4 f5 18. g5 Rfd8 19. Bf3 Kf7 20. h4 Rh8 21. Kg2 h5 22. Rfc1 Rhc8 23. c5 Bd8 24. Bc3 Qc7 25. b4 a6 26. Be2 Ne8 27. a4 Qd7 28. Rb3 Ra7 29. Rcb1 Rb8 30. Qd1 Ng7 31. b5 axb5 32. axb5 Rba8 33. bxc6 bxc6 34. Rb8 Rxb8 35. Rxb8 Qc7 36. Qb1 Ne8 37. Qb6 Ke7 38. Ba5 Qxb6 39. Bxb6 Rd7 40. Ba6 Bc7 41. Rc8 Kf7 42. Kf3 Ke7 43. Ke3 Kf7 44. Bxc7 Rxc7 45. Rxc7+ Nxc7 46. Bb7 1-0

[Event "EU-chT Seniors 04th"]
[Site "Dresden"]
[Date "2002.02.28"]
[Round "5.3"]
[White "Eis, Helko"]
[Black "Golcman, Evgeny"]
[Result "0-1"]
[WhiteElo "2108"]
[BlackElo "2225"]
[PlyCount "90"]
[EventDate "2002.02.25"]
[EventType "team-swiss"]
[EventRounds "7"]
[EventCountry "GER"]
[SourceTitle "EXT 2005"]
[Source "ChessBase"]
[SourceDate "2004.11.15"]
[SourceVersion "1"]
[SourceVersionDate "2004.11.15"]
[SourceQuality "1"]

1. d4 Nf6 2. Nf3 g6 3. e3 Bg7 4. Be2 d6 5. b3 0-0 6. Bb2 Nc6 7. 0-0 e5 8. dxe5 Nd7 9. Qc1 Ndxe5 10. Nxe5 Nxe5 11. Nd2 a5 12. Nc4 a4 13. Nxe5 Bxe5 14. Bxe5 dxe5 15. c4 Qe7 16. Qc3 c5 17. Rab1 Bf5 18. Rb2 a3 19. Rd2 Rfd8 20. Rfd1 Rxd2 21. Qxd2 b6 22. Bf3 e4 23. Be2 Ra7 24. Qd8+ Qxd8 25. Rxd8+ Kg7 26. Kf1 Rd7 27. Rxd7 Bxd7 28. Ke1 Kf6 29. Kd2 Ke5 30. Kc3 Kd6 31. Bd1 h6 32. b4 cxb4+ 33. Kxb4 f5 34. Be2 Be6 35. f3 exf3 36. gxf3 g5 37. Kxa3 Kc5 38. Kb3 b5 39. Kc3 b4+ 40. Kb3 h5 41. Bd3 g4 42. f4 h4 43. a3 bxa3 44. Kxa3 g3 45. hxg3 hxg3 0-1